Las claves del liderazgo : (Registro nro. 10848)

Detalles MARC
000 -LEADER
fixed length control field 01160nam a2200301 4500
001 - CONTROL NUMBER
control field 0000021957
003 - CONTROL NUMBER IDENTIFIER
control field CO-CtgCURN
005 - DATE AND TIME OF LATEST TRANSACTION
control field 20250329191013.0
008 - FIXED-LENGTH DATA ELEMENTS--GENERAL INFORMATION
fixed length control field 160627s2006 000 0 eng d
020 ## - INTERNATIONAL STANDARD BOOK NUMBER
International Standard Book Number 8423423913
040 ## - CATALOGING SOURCE
Original cataloging agency CO-CtgCURN
Language of cataloging spa
Transcribing agency coctgcurn
082 0# - DEWEY DECIMAL CLASSIFICATION NUMBER
Classification number 658.4092
Item number C577
245 04 - TITLE STATEMENT
Title Las claves del liderazgo :
Remainder of title los pensadores mas brillantes de hoy escriben para los directores de ma©łana /
Statement of responsibility, etc. editores W. Bennis, G. M. Spreitzer y T. G. Cummings.
260 ## - PUBLICATION, DISTRIBUTION, ETC.
Place of publication, distribution, etc. Barcelona :
Name of publisher, distributor, etc. Deusto,
Date of publication, distribution, etc. 2006.
300 ## - PHYSICAL DESCRIPTION
Extent 328 p.
336 ## - CONTENT TYPE
Source rdacontent
337 ## - MEDIA TYPE
Source rdamedia
Media type term sin mediacion
Media type code n
338 ## - CARRIER TYPE
Source rdacarrier
Carrier type term volumen
Carrier type code nc
490 1# - SERIES STATEMENT
Series statement Lideres del management. Habilidades directivas
500 ## - GENERAL NOTE
General note Incluye indice.
504 ## - BIBLIOGRAPHY, ETC. NOTE
Bibliography, etc. note Referencias bibliograficas (p. 301)
505 8# - FORMATTED CONTENTS NOTE
Formatted contents note El escenario del fututo.--La organizacion del futuro.--El lider del futuro.--La permanencia del los lideres.--Los jovenes.--Algunas conclusiones
650 #0 - SUBJECT ADDED ENTRY--TOPICAL TERM
Topical term or geographic name entry element Liderazgo.
700 1# - ADDED ENTRY--PERSONAL NAME
Personal name Cummings, T. G.
908 ## - PUT COMMAND PARAMETER (RLIN)
Put command parameter 160627
942 ## - ADDED ENTRY ELEMENTS (KOHA)
Koha item type Libros
Classification part 658.4092
Item part C577
Source of classification or shelving scheme Dewey Decimal Classification
999 ## - SYSTEM CONTROL NUMBERS (KOHA)
-- 1
Existencias
Withdrawn status Lost status Source of classification or shelving scheme Damaged status Not for loan Collection Home library Current library Shelving location Date acquired Inventory number Total checkouts Full call number Barcode Date last seen Price effective from Koha item type Public note
    Dewey Decimal Classification     General Miguel Henríquez Castañeda Miguel Henríquez Castañeda General 03/04/2019 011527   658.4092 C577 011527 03/04/2019 03/04/2019 Libros 650-ADMINS